000
00198 a2200097 4500
001
1164
100
_a
Cotton, H
245
_a
Applied electricity
260
_a
_b
Cleaver-Hume
_c
090
_c
726
_d
726
942
_a
NUST-CAE
_c
M
_c
33889
999
_c
236237
_d
236237